[Event "Online Olym Div3 B 2020"]
[Site "chess.com INT"]
[Date "2020.07.08"]
[Round "6.1"]
[Board "4"]
[White "Hotami, Mutriba"]
[Black "Cooke, Suzie G."]
[Result "1-0"]
[BlackTitle "WFM"]
[WhiteElo "1837"]
[BlackElo "1915"]
[WhiteTeam "Tajikistan"]
[BlackTeam "Scotland"]
[WhiteFideId "14700204"]
[BlackFideId "414930"]
[EventDate "2020.07.07"]
[EventType "team"]

1. e4 e6 2. d4 d5 3. Nc3 Nf6 4. e5 Nfd7 5. f4 c5 6. Nf3 Nc6 7. Be2 Be7 8. Be3 a6
9. dxc5 Bxc5 10. Bxc5 Nxc5 11. Nd4 Qb6 12. Nxc6 bxc6 13. b3 O-O 14. Qd4 Nd7 15.
Qxb6 Nxb6 16. O-O a5 17. Rfd1 c5 18. Bf3 f6 19. exf6 Rxf6 20. g3 Ba6 21. Bg2 Rc8
22. Re1 c4 23. Ne2 cxb3 24. cxb3 Bd3 25. Nd4 Bf5 26. Rac1 Rff8 27. Kf2 Kf7 28.
Nb5 Rfd8 29. Rxc8 Nxc8 30. Rc1 Bd3 31. Rxc8 Rd7 32. Nd4 Rb7 33. Bh3 Rb6 34. Rc6
Rb4 35. Bxe6+ Ke7 36. Nf5+ Kf6 37. Ne3 Be4 38. Nxd5+ Bxd5 39. Bxd5+ Ke7 40. Ke3
a4 41. Rc4 Rb5 42. Bc6 Rb6 43. Bxa4 Re6+ 44. Re4 Rxe4+ 45. Kxe4 Ke6 46. b4 Kd6
47. Bb3 h6 48. a4 g5 49. a5 gxf4 50. gxf4 h5 51. a6 Kc7 52. b5 Kb6 53. f5 h4 54.
f6 h3 55. f7 Kc7 56. f8=Q Kb6 57. Qb8+ Ka5 58. Bd5 Kb4 59. Kd4 Ka5 60. Qd8+ Ka4
61. Kc3 Kxb5 62. a7 Kc5 63. a8=Q Kb5 64. Qc6# 1-0

[Event "Online Olym Div3 B 2020"]
[Site "chess.com INT"]
[Date "2020.07.08"]
[Round "6.1"]
[Board "5"]
[White "Abdulla, Murad"]
[Black "Sharifov, Mekhriddin"]
[Result "1-0"]
[WhiteTitle "FM"]
[WhiteElo "2287"]
[BlackElo "1922"]
[WhiteTeam "Scotland"]
[BlackTeam "Tajikistan"]
[WhiteFideId "2403757"]
[BlackFideId "14701545"]
[EventDate "2020.07.07"]
[EventType "team"]

1. e4 c5 2. Nf3 d6 3. d4 cxd4 4. Nxd4 Nf6 5. Nc3 a6 6. h3 e6 7. a4 Nc6 8. Be2
Be7 9. O-O O-O 10. Be3 Qc7 11. Nb3 b6 12. f4 Rb8 13. Qe1 Na5 14. Nd2 Nd7 15. Qf2
Bf6 16. Ra3 Nc6 17. g4 Nb4 18. Bd1 d5 19. exd5 exd5 20. Rb3 a5 21. Rxb4 Bxc3 22.
Rb3 Bf6 23. Nf3 Ba6 24. Re1 Bc4 25. g5 Be7 26. Rc3 Bb4 27. Nd4 Bxc3 28. bxc3
Rfe8 29. f5 Nc5 30. Kg2 Ne4 31. Qh4 Nxc3 32. Bf3 Ne4 33. f6 Qd7 34. Bg4 Qxa4 35.
Bf5 h6 36. fxg7 Nxg5 37. Qxh6 f6 38. Bg6 Nf7 39. Qh7# 1-0

[Event "Online Olym Div3 B 2020"]
[Site "chess.com INT"]
[Date "2020.07.08"]
[Round "6.1"]
[Board "6"]
[White "Abrorova, Sabrina"]
[Black "Espinosa Cancino, Monica"]
[Result "1-0"]
[WhiteElo "1788"]
[BlackElo "1666"]
[WhiteTeam "Tajikistan"]
[BlackTeam "Scotland"]
[WhiteFideId "14701553"]
[BlackFideId "22253025"]
[EventDate "2020.07.07"]
[EventType "team"]

1. d4 d5 2. c4 c6 3. Nf3 Nf6 4. Nc3 e6 5. Bg5 Nbd7 6. e3 Be7 7. Bd3 O-O 8. cxd5
cxd5 9. O-O a6 10. Rc1 b5 11. Nd2 Bb7 12. f4 Re8 13. g4 Qb6 14. Bxf6 Bxf6 15.
Nf3 g6 16. h4 Bg7 17. h5 Re7 18. Qe1 Rae8 19. Rc2 e5 20. fxe5 Nxe5 21. Nxe5 Bxe5
22. dxe5 Rxe5 23. Qf2 R8e7 24. hxg6 hxg6 25. Nd1 1-0

[Event "Online Olym Div3 B 2020"]
[Site "chess.com INT"]
[Date "2020.07.08"]
[Round "6.2"]
[Board "1"]
[White "Miguel, Sergio"]
[Black "Alahakoon, Isuru"]
[Result "0-1"]
[WhiteTitle "FM"]
[BlackTitle "FM"]
[WhiteElo "2377"]
[BlackElo "2107"]
[WhiteTeam "Angola"]
[BlackTeam "Sri Lanka"]
[WhiteFideId "10100792"]
[BlackFideId "9900993"]
[EventDate "2020.07.07"]
[EventType "team"]

1. d4 d5 2. Nf3 Bf5 3. c4 e6 4. Qb3 Nc6 5. Bd2 Rb8 6. e3 Nf6 7. c5 Be7 8. Bb5
O-O 9. Qa4 Qc8 10. Bxc6 bxc6 11. b3 Bd3 12. Nc3 Ne4 13. Nxe4 dxe4 14. Ne5 Bb5
15. Qa5 f6 16. Nc4 e5 17. O-O exd4 18. exd4 f5 19. Bf4 Bf6 20. Bxc7 Rb7 21. Bd6
Re8 22. Rfd1 Bxc4 23. bxc4 e3 24. fxe3 Rxe3 25. Qd2 Qe8 26. Rab1 Rxb1 27. Rxb1
Qe4 28. Qd1 Re2 29. Qf1 Bxd4+ 30. Kh1 Rf2 31. Rb8+ Kf7 32. Rb7+ Kg6 33. Qg1 Re2
34. h3 Bxg1 0-1

[Event "Online Olym Div3 B 2020"]
[Site "chess.com INT"]
[Date "2020.07.08"]
[Round "6.2"]
[Board "2"]
[White "Liyanage, Ranindu Dilshan"]
[Black "Dias, Vanderson"]
[Result "1/2-1/2"]
[WhiteTitle "CM"]
[WhiteElo "2181"]
[BlackElo "2115"]
[WhiteTeam "Sri Lanka"]
[BlackTeam "Angola"]
[WhiteFideId "9915834"]
[BlackFideId "10100636"]
[EventDate "2020.07.07"]
[EventType "team"]

1. e4 e6 2. d4 d5 3. Nd2 c5 4. exd5 Qxd5 5. Ngf3 cxd4 6. Bc4 Qd8 7. O-O Nf6 8.
Nb3 Nc6 9. Nbxd4 Nxd4 10. Nxd4 Be7 11. Bf4 a6 12. c3 O-O 13. Qf3 Qb6 14. a4 Bd6
15. Bxd6 Qxd6 16. Rad1 Qc7 17. Bd3 Bd7 18. Bc2 Rac8 19. Rfe1 Bc6 20. Nxc6 Qxc6
21. Qxc6 Rxc6 22. Rd4 Rb6 23. b3 Rc6 24. c4 b5 25. axb5 axb5 26. Bd3 bxc4 27.
Bxc4 g6 28. f3 Kg7 29. Red1 Rb8 30. Rd8 Rb7 31. Ra1 Rcc7 32. Raa8 Nd5 33. Bxd5
exd5 34. Rxd5 Rxb3 35. Ra2 Rb1+ 36. Kf2 h5 37. Re2 Rh1 38. Kg3 Rhc1 39. Red2
R1c4 40. R5d4 Rc3 41. Rd7 Rxd7 42. Rxd7 g5 43. h4 g4 44. Rd5 gxf3 45. gxf3 Kg6
46. Rg5+ Kh6 47. Rf5 Kg6 48. Rg5+ Kh6 49. Rf5 Kg6 50. Rg5+ 1/2-1/2

[Event "Online Olym Div3 B 2020"]
[Site "chess.com INT"]
[Date "2020.07.08"]
[Round "6.2"]
[Board "3"]
[White "Joao, Delfina"]
[Black "Dahampriya, H K T Dewnethmie"]
[Result "0-1"]
[WhiteTitle "WCM"]
[WhiteElo "1727"]
[BlackElo "1868"]
[WhiteTeam "Angola"]
[BlackTeam "Sri Lanka"]
[WhiteFideId "10100920"]
[BlackFideId "9931180"]
[EventDate "2020.07.07"]
[EventType "team"]

1. e4 c5 2. f4 g6 3. Nf3 Bg7 4. d3 Nc6 5. c4 d6 6. Be2 Nf6 7. O-O O-O 8. Nc3 a6
9. Bd2 Rb8 10. Rb1 b5 11. b3 b4 12. Nd5 Nxd5 13. exd5 Nd4 14. Be3 Nxf3+ 15. Bxf3
e6 16. Qc2 exd5 17. Bxd5 Re8 18. Qf2 Bf5 19. Qc2 Rxe3 20. Rbd1 Bd4 21. Kh1 Qe7
22. Bf3 Re8 23. h3 Bc8 24. Qb1 Bb7 25. Bxb7 Qxb7 26. Rd2 Re2 27. Qd1 Qxg2# 0-1

[Event "Online Olym Div3 B 2020"]
[Site "chess.com INT"]
[Date "2020.07.08"]
[Round "6.2"]
[Board "4"]
[White "Ranasinghe, S D"]
[Black "Pires, Luzia"]
[Result "1-0"]
[WhiteTitle "WIM"]
[BlackTitle "WFM"]
[WhiteElo "1752"]
[BlackElo "1752"]
[WhiteTeam "Sri Lanka"]
[BlackTeam "Angola"]
[WhiteFideId "9902651"]
[BlackFideId "10101012"]
[EventDate "2020.07.07"]
[EventType "team"]

1. Nf3 Nf6 2. g3 g6 3. Bg2 Bg7 4. O-O O-O 5. d4 d5 6. b3 Bf5 7. Nbd2 c6 8. Bb2
Qc8 9. Re1 Bh3 10. Bh1 Re8 11. Rc1 Nbd7 12. c4 Qd8 13. Ng5 Bf5 14. e4 dxe4 15.
Ngxe4 Nxe4 16. Nxe4 Nf6 17. Nc5 Rb8 18. Nd3 h6 19. Ne5 Nd7 20. Nf3 Bg4 21. Qc2
Bxf3 22. Bxf3 e6 23. Rcd1 Rc8 24. Bg2 Qg5 25. Bc1 Qf6 26. Re4 e5 27. Rde1 Qd8
28. Bb2 f5 29. R4e2 e4 30. f3 Qb6 31. c5 Qc7 32. fxe4 fxe4 33. Bxe4 Nf8 34. Bxg6
Rxe2 35. Rxe2 Nxg6 36. Qxg6 Qf7 37. Qxf7+ Kxf7 38. Re4 Rd8 39. Kf2 Bf6 40. Kf3
Kg6 41. Ke3 Bg5+ 42. Kd3 Bf6 43. Bc1 Rd7 44. Bf4 Be7 45. Re6+ Kf5 46. Rxh6 Bxc5
47. Rh5+ Kg4 48. Rxc5 1-0

[Event "Online Olym Div3 B 2020"]
[Site "chess.com INT"]
[Date "2020.07.08"]
[Round "6.2"]
[Board "5"]
[White "Junior, Domingos"]
[Black "De Silva, L M S T"]
[Result "1/2-1/2"]
[WhiteTitle "FM"]
[BlackTitle "FM"]
[WhiteElo "1894"]
[BlackElo "2154"]
[WhiteTeam "Angola"]
[BlackTeam "Sri Lanka"]
[WhiteFideId "10105972"]
[BlackFideId "9953698"]
[EventDate "2020.07.07"]
[EventType "team"]

1. e4 e5 2. Nf3 d6 3. d4 exd4 4. Nxd4 Nf6 5. Nc3 Be7 6. Bc4 O-O 7. f3 c6 8. Bb3
a5 9. a4 Na6 10. Be3 Nc5 11. Ba2 d5 12. e5 Nfd7 13. f4 Ne6 14. O-O c5 15. Nf5 d4
16. Nd5 Re8 17. Ndxe7+ Rxe7 18. Nxe7+ Qxe7 19. Bd2 Nc7 20. Qf3 Nb8 21. Rae1 Nc6
22. f5 c4 23. Bxc4 Qc5 24. Bb3 Nxe5 25. Qg3 Nd7 26. f6 g6 27. Qf4 Ra6 28. Qxc7
Qxc7 29. Re8+ Nf8 30. Bh6 Qc5 31. Bxf8 Qxf8 32. Rxf8+ Kxf8 33. Bc4 Rd6 34. Rf4
Bf5 35. Bd3 Be6 36. Kf2 Ke8 37. Ke2 Kd8 38. g4 Kc7 39. h4 Rd5 40. g5 Kd6 41. Kd2
Kc5 42. b3 Re5 43. Re4 Rxe4 44. Bxe4 b6 45. Kd3 Bc8 46. h5 Ba6+ 47. Kd2 Kd6 48.
hxg6 hxg6 49. c3 dxc3+ 50. Kxc3 Ke5 51. Bxg6 Ke6 52. Bd3 Bc8 53. Bc4+ Kf5 54.
Bxf7 Kxg5 55. Kc4 Kxf6 56. Bd5 Ba6+ 57. Kd4 Ke7 58. Ke5 Kd7 59. Kd4 Kd6 60. Bg8
Bb7 61. Bc4 Bc6 62. Bg8 Bb7 1/2-1/2

[Event "Online Olym Div3 B 2020"]
[Site "chess.com INT"]
[Date "2020.07.08"]
[Round "6.2"]
[Board "6"]
[White "Jayaweera, Sayuni Gihansa"]
[Black "Paulo, Jemima"]
[Result "0-1"]
[WhiteTitle "WCM"]
[WhiteElo "1698"]
[BlackElo "1599"]
[WhiteTeam "Sri Lanka"]
[BlackTeam "Angola"]
[WhiteFideId "9917314"]
[BlackFideId "10110836"]
[EventDate "2020.07.07"]
[EventType "team"]

1. d4 Nf6 2. c4 g6 3. Nc3 Bg7 4. e4 d6 5. f3 O-O 6. Bg5 h6 7. Be3 Nc6 8. Qd2 Kh7
9. O-O-O a5 10. g4 Ng8 11. h4 e5 12. d5 Nb4 13. a3 Na6 14. Be2 f5 15. exf5 gxf5
16. gxf5 Bxf5 17. Nh3 Nc5 18. Bxc5 dxc5 19. Bd3 Ne7 20. Bxf5+ Nxf5 21. Ng5+ hxg5
22. hxg5+ Kg6 23. Ne4 Rh8 24. Rxh8 Qxh8 25. Nxc5 Qh5 26. Ne6 Qxf3 27. Nxc7 Rc8
28. d6 Nd4 29. Kb1 Qf5+ 30. Ka2 a4 31. Qb4 Rd8 32. c5 Qc2 33. Rf1 Qb3+ 34. Qxb3
axb3+ 35. Kb1 e4 36. Re1 Nf3 37. Re3 Bd4 38. Re2 Bxc5 39. Kc1 Bxd6 40. Nb5 Bf4+
41. Kb1 Rd1# 0-1

[Event "Online Olym Div3 B 2020"]
[Site "chess.com INT"]
[Date "2020.07.08"]
[Round "6.3"]
[Board "1"]
[White "Gurbanov, Andrei"]
[Black "Song, Raymond"]
[Result "0-1"]
[WhiteTitle "IM"]
[BlackTitle "IM"]
[WhiteElo "2298"]
[BlackElo "2485"]
[WhiteTeam "IPCA"]
[BlackTeam "Chinese Taipei"]
[WhiteFideId "13503391"]
[BlackFideId "3203824"]
[EventDate "2020.07.07"]
[EventType "team"]

1. d4 Nf6 2. c4 e6 3. Nf3 d5 4. Nc3 a6 5. cxd5 exd5 6. Bg5 Be6 7. e3 Nbd7 8. Be2
Bd6 9. O-O c6 10. Qc2 Qc7 11. Bh4 O-O 12. a3 Bg4 13. Bg3 Rfe8 14. Rac1 Bxg3 15.
hxg3 Qd6 16. Bd3 Bh5 17. Nh4 Bg6 18. Nxg6 hxg6 19. b4 g5 20. Qe2 g6 21. Qf3 Kg7
22. Rfe1 Rad8 23. g4 Rh8 24. g3 Rh3 25. Kg2 Rdh8 26. Rh1 Rxh1 27. Rxh1 Rxh1 28.
Kxh1 a5 29. Na2 axb4 30. Nxb4 b6 31. Nc2 c5 32. Bb5 Ne4 33. Kg2 Ndf6 34. a4 c4
35. Qd1 Nxf2 36. Kxf2 Ne4+ 37. Kf1 Qf6+ 0-1

[Event "Online Olym Div3 B 2020"]
[Site "chess.com INT"]
[Date "2020.07.08"]
[Round "6.3"]
[Board "2"]
[White "Liu, Yeh Yang"]
[Black "Obodchuk, Andrei"]
[Result "0-1"]
[BlackTitle "IM"]
[WhiteElo "1988"]
[BlackElo "2299"]
[WhiteTeam "Chinese Taipei"]
[BlackTeam "IPCA"]
[WhiteFideId "16300416"]
[BlackFideId "4114310"]
[EventDate "2020.07.07"]
[EventType "team"]

1. e4 c5 2. Nf3 Nc6 3. Bb5 g6 4. O-O Bg7 5. Re1 e5 6. d3 Nge7 7. Nc3 O-O 8. Be3
Nd4 9. Bc4 d6 10. h3 Rb8 11. a4 Kh8 12. Nd5 h6 13. Nxd4 cxd4 14. Bd2 f5 15. exf5
Bxf5 16. Nxe7 Qxe7 17. Bd5 Qh4 18. Qe2 b6 19. a5 b5 20. Bb4 Rf6 21. a6 Rbf8 22.
f3 Bd7 23. Qf2 Qh5 24. Qg3 Qf5 25. Qg4 h5 26. Qxf5 gxf5 27. Re2 Bh6 28. c3 Be3+
29. Kh1 f4 30. Kh2 Rg6 31. Be4 Rgf6 32. Rc2 Rc8 33. Bb7 Rg8 34. b3 Bf5 35. Rd1
Be6 36. c4 bxc4 37. bxc4 Bd7 38. c5 Ba4 39. Rdc1 dxc5 40. Bxc5 Bxc1 41. Rxc1
Rfg6 42. Rg1 Bb5 43. Be4 Rxa6 44. Rb1 Be8 45. Rb7 Bg6 46. Bd5 Rg7 47. Rb8+ Kh7
48. Bc4 Rc6 49. Bf8 Rgc7 50. Rb5 Rxc4 51. dxc4 d3 52. Rxe5 Rxc4 53. Rd5 Kg8 54.
Bh6 Kf7 55. Kg1 Ke6 56. Rd8 a5 57. Kf2 a4 58. Ke1 a3 59. Ra8 Rc1+ 60. Kd2 Rc2+
61. Kd1 a2 62. Bxf4 Rxg2 63. Bd2 Rg1+ 64. Be1 Bf5 65. h4 Ke5 66. Rxa2 Kf4 67.
Ra5 Rf1 68. Kd2 Rxf3 69. Kc3 Rh3 70. Bd2+ Kg4 71. Ra4+ Kg3 72. Be1+ Kg2 73. Rf4
Bg4 74. Rf2+ Kg1 75. Rf4 Kh1 76. Rd4 Be2 77. Kd2 Kg2 78. Rf4 Rh1 79. Rf5 Kh3 80.
Rf4 Rg1 81. Re4 Rg6 82. Ke3 Rc6 83. Kf4 Rc1 84. Re3+ Kg2 85. Rg3+ Kh2 86. Bf2 d2
87. Ke3 d1=Q 0-1

[Event "Online Olym Div3 B 2020"]
[Site "chess.com INT"]
[Date "2020.07.08"]
[Round "6.3"]
[Board "3"]
[White "Aleksandrova, Aleksandra"]
[Black "Shih, Ching-An"]
[Result "1-0"]
[WhiteTitle "WFM"]
[BlackTitle "WFM"]
[WhiteElo "1791"]
[BlackElo "1582"]
[WhiteTeam "IPCA"]
[BlackTeam "Chinese Taipei"]
[WhiteFideId "4144198"]
[BlackFideId "16300653"]
[EventDate "2020.07.07"]
[EventType "team"]

1. d4 d5 2. e3 Nf6 3. Bd3 e6 4. c3 c5 5. Nd2 Nc6 6. f4 Bd6 7. Ngf3 h6 8. Ne5 Bd7
9. Qf3 cxd4 10. exd4 a6 11. O-O Qe7 12. a4 O-O-O 13. b4 Nb8 14. Nb3 Rdf8 15. b5
axb5 16. axb5 Bxe5 17. dxe5 Ne8 18. Ba3 Qd8 19. Bxf8 Rxf8 20. Qf2 Nc7 21. Qc5
Qe8 22. Ra8 Bxb5 23. Bxb5 Qxb5 24. Qxf8+ Kd7 25. Nc5+ Qxc5+ 26. Qxc5 Nxa8 27.
Rb1 1-0

[Event "Online Olym Div3 B 2020"]
[Site "chess.com INT"]
[Date "2020.07.08"]
[Round "6.3"]
[Board "4"]
[White "Chen, Chi"]
[Black "Jennitha, Anto K."]
[Result "0-1"]
[BlackTitle "WIM"]
[WhiteElo "1588"]
[BlackElo "2001"]
[WhiteTeam "Chinese Taipei"]
[BlackTeam "IPCA"]
[WhiteFideId "16301633"]
[BlackFideId "5018218"]
[EventDate "2020.07.07"]
[EventType "team"]

1. d4 d5 2. Nf3 c6 3. c4 Nf6 4. cxd5 cxd5 5. Nc3 e6 6. Bg5 Be7 7. e3 O-O 8. Bd3
Nbd7 9. O-O h6 10. Bh4 a6 11. Rc1 b5 12. a3 Bb7 13. b4 Rc8 14. h3 Nb6 15. Nd2
Nc4 16. Ncb1 Qd7 17. Nb3 Nb2 18. Qd2 Nxd3 19. Qxd3 Ne4 20. Bxe7 Qxe7 21. Nc5
Nxc5 22. bxc5 e5 23. Rfe1 e4 24. Qd2 f5 25. Qa2 Bc6 26. Nc3 Qf7 27. Ne2 g5 28.
Qd2 Qc7 29. g3 Rf7 30. Kg2 Rg7 31. Rh1 Rf8 32. h4 f4 33. Kg1 f3 34. Nc3 gxh4 35.
Rxh4 Rxg3+ 36. Kf1 Rg1+ 37. Kxg1 Qg7+ 38. Kf1 Qg2+ 39. Ke1 Qg1# 0-1

[Event "Online Olym Div3 B 2020"]
[Site "chess.com INT"]
[Date "2020.07.08"]
[Round "6.3"]
[Board "5"]
[White "Lipilin, Ilia"]
[Black "Wang, Ting-Hao"]
[Result "1-0"]
[WhiteTitle "FM"]
[WhiteElo "2189"]
[BlackElo "1737"]
[WhiteTeam "IPCA"]
[BlackTeam "Chinese Taipei"]
[WhiteFideId "54113245"]
[BlackFideId "16300602"]
[EventDate "2020.07.07"]
[EventType "team"]

1. d4 Nf6 2. c4 e6 3. Nc3 Bb4 4. f3 d5 5. a3 Bxc3+ 6. bxc3 b6 7. cxd5 exd5 8. e3
O-O 9. Bd3 Ba6 10. Bxa6 Nxa6 11. Qd3 Qc8 12. Ne2 c5 13. O-O Nc7 14. Ng3 Qa6 15.
Qf5 Qc4 16. Bd2 Nb5 17. Rfc1 Nd6 18. Qc2 Rac8 19. Qa2 Qxa2 20. Rxa2 cxd4 21.
cxd4 Rxc1+ 22. Bxc1 Rc8 23. Bd2 g6 24. Kf2 Nb5 25. Ne2 Ne8 26. Nf4 Nf6 27. Ke2
Nc3+ 28. Bxc3 Rxc3 29. Kd2 Rc6 30. Nd3 Kf8 31. Nb4 Rc4 32. Rc2 Rxc2+ 33. Kxc2
Ke8 34. Nc6 a6 35. Kc3 Kd7 36. Nb8+ Kc7 37. Nxa6+ Kc6 38. a4 Ne8 39. Nb4+ Kd6
40. Nd3 f6 41. Kb4 Kc6 42. a5 bxa5+ 43. Kxa5 Ng7 44. Nb4+ Kd6 45. Nc2 Nf5 46. g4
Nh4 47. Ne1 h5 48. h3 f5 49. g5 f4 50. e4 dxe4 51. fxe4 f3 52. Nd3 Ng2 53. Kb4
Nf4 54. Nf2 Ne6 55. Kc4 Nxg5 56. Kd3 Ne6 57. Ke3 g5 58. d5 Nf4 59. Kxf3 Ke5 60.
Ke3 Ng2+ 61. Ke2 Nf4+ 62. Kf3 Ng6 63. Ke3 Nh4 64. Nd3+ Kd6 65. Kf2 g4 66. hxg4
hxg4 67. Kg3 Ng6 68. Kxg4 Ne7 69. Nf4 Ke5 70. Kf3 Nc8 71. Ke3 Ne7 72. Nd3+ Kd6
73. Kd4 Ng6 74. e5+ Kd7 75. Nc5+ Ke7 76. d6+ Kd8 77. e6 Nf4 78. Ke5 Ng6+ 79. Kf6
Nf4 80. e7+ 1-0

[Event "Online Olym Div3 B 2020"]
[Site "chess.com INT"]
[Date "2020.07.08"]
[Round "6.3"]
[Board "6"]
[White "Tsai, Sophie Yi-Hsuan"]
[Black "Nikitskaya, Varvara"]
[Result "1-0"]
[WhiteElo "1131"]
[BlackElo "1173"]
[WhiteTeam "Chinese Taipei"]
[BlackTeam "IPCA"]
[WhiteFideId "16302087"]
[BlackFideId "34420029"]
[EventDate "2020.07.07"]
[EventType "team"]

1. e4 e5 2. Nf3 Nc6 3. Bc4 Nf6 4. d3 h6 5. O-O g6 6. Nc3 Bg7 7. Be3 O-O 8. Qd2
Kh7 9. h3 d6 10. Nh2 Na5 11. Bb3 Nxb3 12. axb3 d5 13. exd5 Nxd5 14. Nxd5 Qxd5
15. Ra5 Qc6 16. Rfa1 a6 17. Rc5 Qd6 18. Rc4 Re8 19. Rh4 g5 20. Bxg5 e4 21. d4
Re6 22. c3 Rg6 23. Kh1 f6 24. Bf4 Qe7 25. Ra5 b5 26. c4 c6 27. d5 Bd7 28. dxc6
Bxc6 29. Rg4 Rd8 30. Qe1 Bf8 31. Rxg6 Kxg6 32. Rxa6 Qb7 33. cxb5 Bxb5 34. Ra1
Rd3 35. Be3 Rxb3 36. Bd4 Qd5 37. Bc3 Bc5 38. Ng4 h5 39. Nxf6 Bd4 40. Nxd5 Bxc3 1-0

[Event "Online Olym Div3 B 2020"]
[Site "chess.com INT"]
[Date "2020.07.08"]
[Round "6.4"]
[Board "1"]
[White "Martins, David Pires Tavares"]
[Black "Oatlhotse, Providence"]
[Result "1-0"]
[WhiteTitle "IM"]
[BlackTitle "IM"]
[WhiteElo "2398"]
[BlackElo "2190"]
[WhiteTeam "Portugal"]
[BlackTeam "Botswana"]
[WhiteFideId "1909991"]
[BlackFideId "11300507"]
[EventDate "2020.07.07"]
[EventType "team"]

1. Nf3 c5 2. c4 Nc6 3. b3 Nf6 4. Bb2 e6 5. g3 b6 6. Bg2 Bb7 7. O-O Be7 8. d4 d6
9. Nc3 O-O 10. d5 exd5 11. cxd5 Nb8 12. e4 b5 13. e5 dxe5 14. Nxb5 e4 15. d6
exf3 16. Bxf3 Bxf3 17. Qxf3 Nbd7 18. dxe7 Qxe7 19. Rfe1 Qd8 20. Nd6 a5 21. Rad1
a4 22. Nf5 Re8 23. Ne7+ Kf8 24. Bxf6 gxf6 25. Rxd7 Qxd7 26. Qxf6 Qd4 27. Re5
Qxe5 28. Qxe5 axb3 29. axb3 Ra6 30. Qxc5 Ra1+ 31. Kg2 Rxe7 32. Qd4 Rea7 33. Qh8+
Ke7 34. Qxh7 R1a6 35. h4 Re6 36. h5 Rb7 37. Qd3 Kf8 38. Qc3 Rbb6 39. g4 Kg8 40.
g5 Rec6 41. Qe5 Re6 42. Qd5 Red6 43. Qa8+ Kh7 44. Qf8 Rd7 45. h6 Rg6 46. f4 f6
47. Qc5 fxg5 48. fxg5 Rdd6 49. Kf3 Rd3+ 50. Kf4 Rd7 51. b4 Rf7+ 52. Kg4 Re6 53.
Qc2+ Rg6 54. Kh5 Kh8 55. Qxg6 1-0

[Event "Online Olym Div3 B 2020"]
[Site "chess.com INT"]
[Date "2020.07.08"]
[Round "6.4"]
[Board "2"]
[White "Olebile, Thato"]
[Black "Santos, Jose Guilherme B Lima"]
[Result "0-1"]
[WhiteTitle "FM"]
[WhiteElo "2071"]
[BlackElo "2195"]
[WhiteTeam "Botswana"]
[BlackTeam "Portugal"]
[WhiteFideId "11300760"]
[BlackFideId "1939300"]
[EventDate "2020.07.07"]
[EventType "team"]

1. d4 Nf6 2. c4 e6 3. Nf3 c5 4. d5 d6 5. Nc3 exd5 6. cxd5 g6 7. Qa4+ Bd7 8. Qh4
Bg7 9. Bh6 O-O 10. Bxg7 Kxg7 11. e3 b5 12. a3 Na6 13. Qf4 Qb6 14. Be2 b4 15. Ne4
Nxe4 16. Qxe4 bxa3 17. bxa3 Qa5+ 18. Kf1 Bb5 19. Qc2 Rab8 20. Bxb5 Qxb5+ 21. Qe2
Qb2 22. Qxb2+ Rxb2 23. g3 Nc7 24. e4 Re8 25. Re1 Rb3 26. Kg2 Rxa3 27. e5 Rd8 28.
Rd1 dxe5 29. d6 Nb5 30. d7 e4 31. Ne5 Nd4 32. Rc1 f6 33. Nc4 Ra6 34. Ne3 Rc6 35.
Rc4 Rxd7 36. Rhc1 Nb3 37. R1c3 Rb7 38. Rxe4 a5 39. Ra4 Ra6 40. Nc4 Rb5 41. Ra3
Nd4 42. Ne3 a4 43. Rc4 Rba5 44. Nd5 Ne6 45. Nc3 Kf7 46. Raxa4 Rxa4 47. Nxa4 Ra5
48. Kf3 f5 49. Ke3 Ke7 50. Nc3 Kd6 51. h4 Ra3 52. f3 Nd4 53. Kf2 Ra5 54. Ke3 Ne6
55. g4 Ra1 56. gxf5 gxf5 57. Kf2 Kc6 58. Kg3 Rc1 59. Kf2 Nd4 60. Ke3 Nb5 61. Kd2
Rxc3 62. Rxc3 Nxc3 63. Kxc3 Kd5 64. h5 h6 65. Kd3 f4 66. Kc3 c4 67. Kc2 Kd4 68.
Kd2 c3+ 69. Kc2 Ke3 70. Kxc3 Kxf3 71. Kd4 Kg2 72. Ke4 f3 73. Kf5 f2 74. Kg6 f1=Q
75. Kxh6 Qf7 76. Kg5 Qh7 77. h6 Kf3 78. Kh5 Ke4 79. Kg5 Qf5+ 80. Kh4 Kf4 0-1

[Event "Online Olym Div3 B 2020"]
[Site "chess.com INT"]
[Date "2020.07.08"]
[Round "6.4"]
[Board "3"]
[White "Jorge, Rita Maria Osorio"]
[Black "Francis, Onkemetse"]
[Result "1-0"]
[WhiteTitle "WFM"]
[BlackTitle "WIM"]
[WhiteElo "1983"]
[BlackElo "1781"]
[WhiteTeam "Portugal"]
[BlackTeam "Botswana"]
[WhiteFideId "1923161"]
[BlackFideId "11301287"]
[EventDate "2020.07.07"]
[EventType "team"]

1. e4 d5 2. exd5 Qxd5 3. d4 Nf6 4. c4 Qd8 5. Nc3 e6 6. Nf3 Be7 7. Be2 O-O 8. O-O
b6 9. Bf4 a6 10. Qc2 Bb7 11. Rad1 Qc8 12. a3 Nbd7 13. Rfe1 Re8 14. Ne5 Bf8 15.
Bd3 g6 16. Ne4 Bg7 17. Ng5 Nh5 18. Bd2 Rf8 19. Nexf7 Rxf7 20. Bxg6 hxg6 21. Qxg6
Rf6 22. Qh7+ Kf8 23. Qxh5 Qe8 24. Nh7+ Kg8 25. Nxf6+ Nxf6 26. Qh3 Qg6 27. Qxe6+
Kh8 28. Qh3+ Kg8 29. d5 Rf8 30. Qe6+ Kh8 31. Bc3 Bc8 32. Qe3 Ng4 33. Bxg7+ Qxg7
34. Qd4 Nxf2 35. Qxg7+ Kxg7 36. Rd4 Ng4 37. Re7+ Kf6 38. Rxc7 Ke5 39. Rxc8 Rxc8
40. Rxg4 b5 41. b3 a5 42. a4 bxa4 43. bxa4 Rb8 44. Kf2 Rb2+ 45. Ke3 Ra2 46. Rg5+
Kd6 47. Kd4 Rxa4 48. Rg6+ Kd7 49. h4 Rb4 50. Kc5 Rb2 51. h5 a4 52. h6 a3 53.
Rg7+ Ke8 54. h7 Rb5+ 55. Kxb5 Kf8 56. h8=Q# 1-0

[Event "Online Olym Div3 B 2020"]
[Site "chess.com INT"]
[Date "2020.07.08"]
[Round "6.4"]
[Board "4"]
[White "Besa, Masaiti"]
[Black "Pintor, Ariana"]
[Result "0-1"]
[WhiteTitle "WFM"]
[BlackTitle "WFM"]
[WhiteElo "1768"]
[BlackElo "1903"]
[WhiteTeam "Botswana"]
[BlackTeam "Portugal"]
[WhiteFideId "11310570"]
[BlackFideId "1902806"]
[EventDate "2020.07.07"]
[EventType "team"]

1. d4 Nf6 2. Bg5 g6 3. e3 Bg7 4. Nf3 O-O 5. Nbd2 d6 6. c3 c5 7. Bc4 d5 8. Bb3
Nc6 9. h3 c4 10. Bc2 b5 11. O-O a5 12. b3 cxb3 13. axb3 Bb7 14. Bd3 Qb6 15. Qe2
Na7 16. Ne5 Rfd8 17. Ra2 b4 18. c4 Nc6 19. c5 Qc7 20. Nxc6 Bxc6 21. Bf4 Qd7 22.
Nf3 Ne4 23. Bxe4 dxe4 24. Nd2 Bb5 25. Nc4 Qd5 26. Rfa1 a4 27. Nb6 Bxe2 28. Nxd5
Rxd5 29. Rxe2 a3 30. Rc2 Rc8 31. Rc4 e5 32. Bxe5 Bxe5 33. dxe5 Rdxc5 0-1